Wybierz kluby Eto'o - nagła śmierć - Statystyki

Ogólne statystyki
  • Ten quiz został rozwiązany 172 razy
  • Średni wynik to 4 z 13
Answers on the Grid
Answers color-coded by a green-red scale on the quiz's grid according to % correct below.
 
Statystyki odpowiedzi
Odpowiedź % Poprawnych
92%
59%
52%
48%
45%
28%
28%
25%
23%
16%
13%
13%
3%
Nie znaleziono quizów pasujących do podanych kryteriów
Rozkład punktacji
Procent ludzi z każdym wynikiem
Percentyl według liczby udzielonych odpowiedzi
Twoja historia wyników
Nie rozwiązałeś tego quizu